Zákony 2003 úplné znenie : aktualizácia k zákonom I/2003 [Zošit 5] Opatrenie o sumách stravného Zákon o správnych poplatkoch

Bibliographic Details
Corporate Author: Slovensko (Author)
Format: Book
Language:Slovak
PhysicalDescription:55 strán 21 cm
Published: Žilina Poradca [2003]
Edition:[1. vydanie]
Subjects:

MARC

LEADER 00000cam a2200000 a 4500
001 vtls001465925
003 SK-MaSNL
005 20260426014521.0
008 240226s2003 xo grfl 000 0 slo
015 |a SNBI2004/01-00116 
035 |a SNK000421230 
035 |a urn:nbn:sk:snk-am3ix9c 
035 |a 4EFBD0FC-60F9-43A0-BBB9-55C21A64F29A 
035 |a urn:nbn:sk:snk-am00g47y 
040 |a SNK  |b slo  |c SNK  |e AACR2 
041 0 |a slo 
043 |a e-xo--- 
044 |a xo  |c SK 
072 7 |a 336.1/.5  |x Verejné financie  |2 konspekt 
080 |a 336.23  |2 2011 
080 |a 351.83  |2 2011 
080 |a (437.6)  |2 2011 
080 |a (094.5)  |2 2011 
080 |a (035)  |2 2011 
080 |a 613.2  |2 2011 
080 |a 351.72  |2 2011 
110 1 |a Slovensko  |4 aut  |9 266955 
240 1 0 |a Zákony, etc. 
245 1 0 |a Zákony 2003  |b úplné znenie : aktualizácia k zákonom I/2003  |n [Zošit 5]  |p Opatrenie o sumách stravného  |p Zákon o správnych poplatkoch 
246 3 0 |a Opatrenie o sumách stravného 
246 3 0 |a Zákon o správnych poplatkoch 
250 |a [1. vydanie] 
260 |a Žilina  |b Poradca  |c [2003] 
300 |a 55 strán  |c 21 cm 
500 |a Názov z obálky 
650 0 7 |a poplatky  |2 SNKPH  |9 2335 
650 0 7 |a cestovné náhrady  |2 SNKPH  |9 68784 
650 0 7 |a stravovanie  |2 SNKPH  |9 13690 
650 0 7 |a správne poplatky  |2 SNKPH  |9 69377 
651 7 |a Slovensko  |2 SNKPHgeo  |9 14231 
655 7 |a zákony  |2 SNKPH  |9 70186 
655 7 |a príručky  |2 SNKPH  |9 74364 
958 |a OND 
999 |c 1160141  |d 1162071 
952 |t P60, <03>, [BOOK], {603}  |a SNK  |b SNK  |y PREZ  |7 0  |p 17A0408507  |o snkSC 114188  |i snkKSP 303/2004  |0 0  |1 0  |4 0  |d 2004-01-12  |f 1  |l 0  |r 2025-10-03 00:00:00  |w 2026-02-24 
952 |t P60, <04>, [BOOK], {604}  |a SNK  |b SNK  |y VYP  |7 0  |p 17A0408508  |o snkSC 114188 D1  |i snkKSP 304/2004  |0 0  |1 0  |4 0  |d 2004-01-12  |l 0  |r 2005-01-02 00:00:00  |w 2026-02-24